Statistics for Top 15 Countries with Covid-19 Deaths - 6 September

Click here to take the quiz!

General Stats

  • This quiz has been taken 15 times
  • The average score is 15 of 19

Answer Stats

country% Correct
France
100%
Italy
100%
United States
100%
Brazil
93%
Mexico
93%
Spain
93%
India
86%
Russia
86%
United Kingdom
86%
Chile
79%
Sweden
79%
Colombia
71%
Peru
71%
South Africa
71%
Ecuador
64%
Belgium
57%
Iran
50%
Panama
50%
Bolivia
36%

Score Distribution

Percentile by Number Answered

Percent of People with Each Score

Your Score History

You have not taken this quiz